Responses for Show #4444 - Thursday, December 25, 2003

Game data retrieved from an alternate archive.

Contestants

[<< previous game]

Kim Lothringer, a homemaker from Centennial, Colorado

Jamie Aliperti, a legal aid attorney from Atlanta, Georgia

Patricia Baillif, a certified public attorney from Dallas, Texas (whose 1-day cash winnings total $4,399)

[next game >>]

Jeopardy! Round responses

OFFICIAL STATE THINGS
NHL
CHRISTMAS
BIOGRAPHIES
UNITS OF MEASURE
"M" & "M"s
    $200 1
milk

Kim
    $200 2
the New Jersey Devils

Kim
    $200 11
the North Pole

Jamie
    $200 16
(Kim: Who is Barbara?)

Laura

Kim
Triple Stumper
    $200 21
caliber

Kim
    $200 26
Mighty Mouse

Kim
    $400 7
New Mexico

Patricia
    $400 3
the Washington Capitals

Kim
    $400 12
Whoville

Patricia
    $400 17
Theodore Roosevelt

Jamie
    $400 22
decibel

Kim
    $400 27
Margaret Mitchell

Jamie
    $600 8
mineral

Jamie
    $600 4
the Chicago Blackhawks

Kim
    $600 13
deck

Jamie
    $600 18
Benjamin Franklin

Jamie
    $600 23
(Jamie: What is a volt?)

horsepower

Jamie
Triple Stumper
    $600 28
a meter maid

Jamie
    $800 9
a saguaro

Kim
    $800 5
Dallas

Patricia
    $800 14
sight

Triple Stumper
    $800 19
Nelson Mandela

Kim
    $800 24
a foot-pound

Triple Stumper
    $800 29
a magic man (or medicine man)

Patricia
    $1000 10
(Patricia: What are hot dogs?)

grits

Patricia
Triple Stumper
    $1000 6
the Philadelphia Flyers

Patricia
    $1000 15
"Rockin' Around The Christmas Tree"

Triple Stumper
    $1,000 20
(Kim: Who is Davy Crockett?)

Jesse James

Kim
    $1000 25
a quire

Kim
    $1000 30
Margaret Mead

Jamie

Scores at the first commercial break (after clue 15):

Patricia Jamie Kim
$1,600 $1,400 $2,200

Scores at the end of the Jeopardy! Round:

Patricia Jamie Kim
$2,400 $3,800 $3,600

Double Jeopardy! Round responses

THEORIES
CINEMACABRE
GET SOME EXERCISE
WWI
CRAFTSMANSHIP
PEOPLE IN CALIFORNIA
    $400 23
labels

Triple Stumper
    $400 8
(Patricia: What is Dracula?)

Frankenstein

PatriciaKim
    $400 21
swimming

Kim
    $400 12
doughboy

Jamie
    $400 1
macramé

Patricia
    $400 6
Alan

Kim
    $2,500 24
auteur

Jamie
    $800 13
Psycho

Jamie
    $800 22
isometric

Jamie
    $800 15
the tank

Triple Stumper
    $800 2
a ship in a bottle

Kim
    $800 7
Lorna

Jamie
    $1200 25
a portfolio

Jamie
    $1200 14
the Dead

Patricia
    $2,000 28
a wind sprint

Patricia
    $1200 16
"You're in the Army now"

Jamie
    $1200 3
soap

Triple Stumper
    $1200 9
Lori

Kim
    $1600 26
zero-sum

Patricia
    $1600 17
The Texas Chainsaw Massacre

Patricia
    $1600 29
(Kim: What is a punching bag?)

a heavy bag

Kim
Triple Stumper
    $1600 19
(Patricia: What is the Soviet Union?)

Russia

Patricia
Triple Stumper
    $1600 4
leather

Kim
    $1600 10
Oral

Kim
    $2000 27
humors

Patricia
    $2000 18
Hellraiser

Triple Stumper
    $2000 30
spot

Kim
    $2000 20
the Lafayette Escadrille

Triple Stumper
    $2000 5
deckle

Triple Stumper
    $2000 11
Nora

Patricia

Scores at the end of the Double Jeopardy! Round:

Patricia Jamie Kim
$11,200 $11,500 $10,400

[wagering suggestions for these scores]

Final Jeopardy! Round responses

CLASSIC SONGS
KimWhat is I'll be home for Christmas?
$1,100
PatriciaWhat is I'll be home for Christmas?
$5,800
JamieWhat is White Christmas
$100
"White Christmas"

Final scores:

Patricia Jamie Kim
$5,400 $11,600 $9,300
3rd place: $1,000 New champion: $11,600 2nd place: $2,000

Game dynamics:

Coryat scores:

Patricia Jamie Kim
$10,400 $9,800 $11,400
12 R
(including 1 DD),
3 W
15 R
(including 1 DD),
1 W
18 R,
3 W
(including 1 DD)

Combined Coryat: $31,600

[game clues] [game scores] [suggest correction]

Game tape date: 2003-10-22
The J! Archive is created by fans, for fans. Scraping, republication, monetization, and malicious use prohibited; this site may use cookies and collect identifying information. See terms. The Jeopardy! game show and all elements thereof, including but not limited to copyright and trademark thereto, are the property of Jeopardy Productions, Inc. and are protected under law. This website is not affiliated with, sponsored by, or operated by Jeopardy Productions, Inc. Join the discussion at JBoard.tv.